000 00369nam a22001697a 4500
005 20160627142701.0
008 160627b xxu||||| |||| 00| 0 eng d
020 _a0-07-043506-5
041 _aeng
082 _b10479
100 _aSood, Vivek
_92933
245 _aCyber law Simplified
260 _bTMH
300 _a576
650 _aManagement
_9241
942 _cBK
999 _c4246
_d4245